Journal of Medicinal Plants Studies (Record no. 37371)
[ view plain ]
| 000 -LEADER | |
|---|---|
| fixed length control field | 00390nam a2200145Ia 4500 |
| 022 ## - INTERNATIONAL STANDARD SERIAL NUMBER | |
| ISSN | 2349-7039-7032 |
| 050 ## - CALL MARK | |
| Classification number | R111 .J68 |
| 245 ## - TITLE STATEMENT | |
| Title | Journal of Medicinal Plants Studies |
| 250 ## - EDITION / VOLUME STATEMENT | |
| Edition / Volume statement | Vol. 13, No. 1 |
| 260 ## - PUBLICATION, DISTRIBUTION, ETC. (IMPRINT) | |
| Place of publication | New Delhi India |
| Name of publisher | Plants Journal |
| Year of publication | 2025 |
| 300 ## - PHYSICAL DESCRIPTION | |
| Number of Pages | 80 p. :ill. ; 28 cm. |
| 650 ## - SUBJECT ADDED ENTRY--TOPICAL TERM | |
| Topical Term | Botany, Medical--periodicals |
| 942 ## - ADDED ENTRY ELEMENTS (KOHA) | |
| Koha item type | Serials |
| Source of classification | Library of Congress Classification |
No items available.